书目信息 |
| 题名: |
减肥食谱
|
|
| 作者: | 李德怀 , 眭双祥 编 | |
| 分册: | ||
| 出版信息: | 广州 广东旅游出版社 1996.07 |
|
| 页数: | 178页 | |
| 开本: | 32开 | |
| 丛书名: | ||
| 单 册: | ||
| 中图分类: | TS972.1 | |
| 科图分类: | ||
| 主题词: | 饮食业--供应技术 | |
| 电子资源: | ||
| ISBN: | 7-80521-678-9 | |
| 000 | 00584nam0 2200205 45 | |
| 001 | 0011221121 | |
| 005 | 20001122080833.2 | |
| 010 | @a7-80521-678-9@d14.50元 | |
| 100 | @a20001122d1996 km y0chiy0120 ea | |
| 101 | 0 | @achi |
| 105 | @a z 000yy | |
| 200 | 1 | @a减肥食谱@AJian Fei Shi Pu@f李德怀,眭双祥编@FLi De Huai,Sui Shuang Xiang Bian |
| 210 | @a广州@c广东旅游出版社@d1996.07 | |
| 215 | @a178页@d32开 | |
| 606 | 0 | @a饮食业@x供应技术 |
| 690 | @aTS972.1@v3 | |
| 701 | 0 | @a李德怀@4编 |
| 701 | 0 | @a眭双祥@4编 |
| 801 | @aCN@bPftUser@c20001122 | |
| 905 | @b500659-661@dTS972.1@eL316@f3 | |
| 减肥食谱/李德怀,眭双祥编.-广州:广东旅游出版社,1996.07 |
| 178页;32开 |
| ISBN 7-80521-678-9:14.50元 |
| ● |
| 相关链接 |
|
|
|
正题名:减肥食谱
索取号:TS972.1/L316
 
预约/预借
| 序号 | 登录号 | 条形码 | 馆藏地/架位号 | 状态 | 备注 |
| 1 | 500659 | 205006599 | 自科库501/ [索取号:TS972.1/L316] | 在馆 | |
| 2 | 500660 | 205006606 | 期刊室512/501自科库 42排5列1层/ [索取号:TS972.1/L316] | 在馆 | |
| 3 | 500661 | 205006615 | 自科库501/ [索取号:TS972.1/L316] | 在馆 |